000 00510nam a2200181Ia 4500
005 20250508160042.0
008 008 250505s9999 xx 000 0 eng d
037 _aTextual
040 _aFEDL
_beng
_cFEDL
041 _aeng
_2eng
084 _a808.819353, ARN
_qFEDL
100 _aArnstein Flora J
_9767866
245 0 _aAdventure into poetry
260 _aStanford
_bStanford University Press
_c1951
300 _a217p.
942 _cTEXL
_h808.819353, ARN
999 _c1361426
_d1361426